Innovation management in a knowledge based firm diplomová práca

Enregistré dans:
Détails bibliographiques
Auteur principal: Hollerová, Anna
Collectivité auteur: Ekonomická univerzita v Bratislave. Ústav medzinárodných programov
Autres auteurs: Molnár, Pavol
Format: Livre
Langue:anglais
Publié: Bratislava 2010
Tags: Ajouter un tag
Pas de tags, Soyez le premier à ajouter un tag!

MARC

LEADER 00000nam a2200000 4500
001 0119475
005 20240318114427.0
041 0 |a eng 
044 |a SK 
245 1 0 |a Innovation management in a knowledge based firm  |b diplomová práca  |c Anna Hollerová ; škol. Pavol Molnár 
264 1 |a Bratislava  |c 2010 
300 |a 71 s. 
100 1 |a Hollerová, Anna 
700 1 |a Molnár, Pavol 
710 2 |a Ekonomická univerzita v Bratislave. Ústav medzinárodných programov